Lloyd`s introduction to jurisprudence (Record no. 82234)

MARC details
000 -LEADER
fixed length control field 00756nam a2200193 a 4500
008 - FIXED-LENGTH DATA ELEMENTS--GENERAL INFORMATION
fixed length control field 120416s2001 ||||||||||||||||| || u
020 ## - INTERNATIONAL STANDARD BOOK NUMBER
International Standard Book Number 0421753307
050 ## - LIBRARY OF CONGRESS CALL NUMBER
Classification number K 212 Fre
100 ## - MAIN ENTRY--PERSONAL NAME
Personal name Freeman, M.D.A
245 10 - TITLE STATEMENT
Title Lloyd`s introduction to jurisprudence
250 ## - EDITION STATEMENT
Edition statement 7th ed.
260 ## - PUBLICATION, DISTRIBUTION, ETC.
Place of publication, distribution, etc. London
Name of publisher, distributor, etc. Sweet & Maxwell
Date of publication, distribution, etc. 2001
350 ## -
-- 0.00
650 ## - SUBJECT ADDED ENTRY--TOPICAL TERM
Topical term or geographic name entry element LAW
650 ## - SUBJECT ADDED ENTRY--TOPICAL TERM
Topical term or geographic name entry element JURISPRUDENCE--LAW
700 ## - ADDED ENTRY--PERSONAL NAME
Personal name Lloyd, Dennis
995 ## -
-- MAIN LIBRARY OPEN ACCESS
-- 0.00
-- 733611
-- CBU-MAIN LIBRARY (Kitwe)
-- 1
-- 34.95
-- K 212 Fre
-- 1
-- AVAILABLE
-- Apr 25, 2006
-- 45521
-- Main Library Open Access Collection
995 ## -
-- MAIN LIBRARY OPEN ACCESS
-- 0.00
-- 736292
-- CBU-MAIN LIBRARY (Kitwe)
-- 2
-- 34.95
-- K 212 Fre
-- 2
-- AVAILABLE
-- 45522
-- Main Library Open Access Collection
999 ## -
-- 82234
-- 82234

No items available.